Sociálna politika v oblasti starostlivosti o zdravotne postihnutých občanov SR.

Predpokladá sa, že v SR žije v súčasnosti približne 350000 zdravotne postihnutých ľudí, zdravotné postihnutie sa však týka aj ich sociálneho okolia. Cieľom sociálnej starostlivosti o zdravotne postihnutých by malo byť preskúmať stav a navrhnúť riešenie ako ovplyvniť negatívny vývoj a zároveň ako eko...

ver descrição completa

Na minha lista:
Detalhes bibliográficos
Autor principal: Krausová, Alena
Formato: Capítulo de Livro
Idioma:eslovaco
Assuntos:
Tags: Adicionar Tag
Sem tags, seja o primeiro a adicionar uma tag!

MARC

LEADER 00000naa a2200000 4500
001 r008799
005 20220831075012.1
041 0 |a slo 
044 |a [CS] 
245 1 0 |a Sociálna politika v oblasti starostlivosti o zdravotne postihnutých občanov SR.  |c Alena Krausová 
520 |a Predpokladá sa, že v SR žije v súčasnosti približne 350000 zdravotne postihnutých ľudí, zdravotné postihnutie sa však týka aj ich sociálneho okolia. Cieľom sociálnej starostlivosti o zdravotne postihnutých by malo byť preskúmať stav a navrhnúť riešenie ako ovplyvniť negatívny vývoj a zároveň ako ekonomicky a efektívne riešiť túto problematiku v podmienkach spoločenských zmien. 
610 2 0 |a politika sociálna 
610 2 0 |a starostlivosť sociálna 
610 2 0 |a Slovensko 
610 2 0 |a zdravie 
610 2 0 |a osoby so zníženou pracovnou schopnosťou 
100 1 |a Krausová, Alena